Personality and power (Record no. 53390)

MARC details
000 -LEADER
fixed length control field 00495nam a2200133 a 4500
008 - FIXED-LENGTH DATA ELEMENTS--GENERAL INFORMATION
fixed length control field 120416s1971 xx |||||||||||||| || u
050 ## - LIBRARY OF CONGRESS CALL NUMBER
Classification number D 412.6 Per
100 ## - MAIN ENTRY--PERSONAL NAME
Personal name Tayar, Graham
245 10 - TITLE STATEMENT
Title Personality and power
Statement of responsibility, etc. edited by Graham Tayar
246 ## - VARYING FORM OF TITLE
Title proper/short title studies in political achievement
260 ## - PUBLICATION, DISTRIBUTION, ETC.
Date of publication, distribution, etc. 1971
350 ## - PRICE (NR) (BK AM CF MU VM SE) [OBSOLETE]
Price 0.00
995 ## - RECOMMENDATION 995 [LOCAL, UNIMARC FRANCE]
-- 0.00
-- CBU-MAIN LIBRARY (Kitwe)
-- 1
-- 1.75
-- 1
-- AVAILABLE
-- Jun 22, 2006
-- Main Library Open Access Collection
Holdings
Withdrawn status Lost status Source of classification or shelving scheme Damaged status Not for loan Home library Current library Shelving location Date acquired Total Checkouts Full call number Barcode Date last seen Price effective from Koha item type
          CBU-MAIN LIBRARY, KITWE. CBU-MAIN LIBRARY, KITWE.   11/30/2022   D 412.6 Per 000561 11/30/2022 11/30/2022 MONOGRAPH